Physical science / (Record no. 8249)

MARC details
000 -LEADER
fixed length control field 00653cam a22002172 4500
001 - CONTROL NUMBER
control field 0000012628
005 - DATE AND TIME OF LATEST TRANSACTION
control field 20151217152110.0
008 - FIXED-LENGTH DATA ELEMENTS--GENERAL INFORMATION
fixed length control field 090226s xx 000 0 eng d
020 ## - INTERNATIONAL STANDARD BOOK NUMBER
International Standard Book Number 0137005687 :
040 ## - CATALOGING SOURCE
Original cataloging agency KABU
Transcribing agency KABU
245 10 - TITLE STATEMENT
Title Physical science /
Statement of responsibility, etc. Dean Hurd ...[et al.].
250 ## - EDITION STATEMENT
Edition statement 1st ed.
260 ## - PUBLICATION, DISTRIBUTION, ETC. (IMPRINT)
Place of publication, distribution, etc. Englewood Cliffs, NJ. :
Name of publisher, distributor, etc. Prentice-Hall,
Date of publication, distribution, etc. 1988.
300 ## - PHYSICAL DESCRIPTION
Extent 696 p.
650 #0 - SUBJECT ADDED ENTRY--TOPICAL TERM
Topical term or geographic name as entry element Physical sciences.
-- 0000153974
700 1# - ADDED ENTRY--PERSONAL NAME
Personal name Dean, Hurd.
-- 0000169506
852 1# - LOCATION
-- p500 KES
852 1# - LOCATION
-- p500 KES
908 ## - PUT COMMAND PARAMETER (RLIN)
Put command parameter 090226
950 ## - LOCAL HOLDINGS (RLIN)
-- 1
Holdings
Withdrawn status Lost status Source of classification or shelving scheme Not for loan Home library Current library Date acquired Total Checkouts Full call number Barcode Date last seen Price effective from Koha item type
    Library of Congress Classification   Kabarak, Main Campus Kabarak, Main Campus 17/12/2015   Q158.2 .P49 1988 c. 1 16810 17/12/2015 17/12/2015 General Collection
    Library of Congress Classification   Kabarak, Main Campus Kabarak, Main Campus 17/12/2015   Q158.2 .P49 1988 c. 2 16811 17/12/2015 17/12/2015 General Collection
Designed with assistance from East African Informatics Ltd